| 000 | 00344nam a2200109 a 4500 | ||
|---|---|---|---|
| 005 | 20201002061154.0 | ||
| 008 | 190322s2018 000 spa d | ||
| 020 | _a9789945914818 | ||
| 245 | 0 | _aNivelación académica para la admisión universitaria : razonamiento matemático. Guía para ... | |
| 260 |
_aSanto Domingo, _c2018. |
||
| 999 |
_c47950 _d47950 |
||
| 040 | _aDO-SdBNP | ||